|
|
|
|
| LEADER |
00000nab a2200000 a 4500 |
| 001 |
vtls000292782 |
| 003 |
SK-MaSNL |
| 005 |
20260302222020.0 |
| 008 |
111201c1987 xo 0 slo |
| 015 |
|
|
|a SNBRB19rr/mm-uuuuu
|
| 035 |
|
|
|a CL0302901
|
| 040 |
|
|
|a SNKBUCL
|b slo
|c SNKBUCL
|e AACR2
|
| 041 |
0 |
|
|a slo
|
| 044 |
|
|
|a xo
|c SK
|
| 080 |
|
|
|a 741.5.091.4
|2 1981
|
| 100 |
1 |
|
|a Pauer, Marián
|4 aut
|9 290055
|
| 245 |
1 |
0 |
|a Smiech nad zlato
|b Na okraj 4. celoslovenského festivalu kresleného humoru a satiry
|c Marián Pauer
|
| 611 |
2 |
7 |
|a Novomestský osteň
|n (4. :
|d 1987 :
|c Nové Mesto nad Váhom, Slovensko)
|2 snkbucl
|9 946094
|
| 650 |
0 |
7 |
|a kreslený humor
|2 snkbucl
|9 1766
|
| 655 |
|
7 |
|a články z novín a časopisov
|2 snkbucl
|9 267496
|
| 773 |
0 |
|
|t Nové slovo
|g Roč. 29, č. 43 (1987)
|
| 850 |
|
|
|a Slovenská národná knižnica v Martine
|a MTA001
|
| 852 |
|
|
|a SNK
|b KIS3GCP
|
| 958 |
|
|
|a RK
|
| 992 |
|
|
|a RBX
|
| 999 |
|
|
|c 1514621
|d 1516551
|